000
00218 a2200097 4500
001
25950
100
_a
Legault
245
_a
Dynamics of the Nuclear balance
260
_a
_b
Cornell University
_c
090
_c
17553
_d
17553
942
_a
NUST-CAE
_c
M
_c
8395
999
_c
261023
_d
261023